Movies Beginning With A - The Last 40 Years - Statistics

General Stats
  • This quiz has been taken 25 times
  • The average score is 15 of 41
Answer Stats
Picture Answer % Correct
Armageddon (1998)
95%
Ace Ventura: Pet Detective (1994)
90%
Apollo 13 (1995)
90%
Aquaman (2018)
86%
Anger Management (2003)
81%
Ant-Man (2015)
71%
Argo (2012)
67%
The Amazing Spider-Man 2 (2014)
62%
The Aviator (2004)
62%
About A Boy (2002)
52%
A Fish Called Wanda (1988)
52%
As Good As It Gets (1997)
52%
A Knight's Tale (2001)
48%
Almost Famous (2000)
43%
American Hustle (2013)
38%
The Abyss (1989)
38%
American Gangster (2007)
33%
Angel Heart (1987)
33%
Army Of Darkness (1992)
33%
Anyone But You (2023)
29%
Attack The Block (2011)
29%
Ad Astra (2019)
24%
After Hours (1985)
24%
Allied (2016)
24%
Any Given Sunday (1999)
24%
Apocalypto (2006)
24%
A Time To Kill (1996)
24%
Atomic Blonde (2017)
24%
Adventureland (2009)
19%
Alice (1990)
19%
Alive (1993)
19%
An American Tail: Fievel Goes West (1991)
19%
Antebellum (2020)
14%
Appaloosa (2008)
14%
The American (2010)
14%
A Different Man (2024)
10%
Ambulance (2022)
10%
Antlers (2021)
10%
Assault On Precinct 13 (2005)
10%
At Close Range (1986)
10%
The Alto Knights (2025)
10%
No matching quizzes found
Score Distribution
Percent of People with Each Score
Percentile by Number Answered
Your Score History
You have not taken this quiz